000 00223 a2200109 4500
020 _a9790382093097
041 _aeng
100 _aAbdelnoor, Jason R. E.
245 _aMathematical dictionary
942 _cBK
999 _c9894
_d9894
999 _d9894